LOTR Character by Quote II Quiz Stats

 Plays Quiz Updated Feb 2, 2015

Challenge
Share
Tweet
Embed
Score 0/20 Timer 06:00
3 Plays Today
Quote Character % Correct
'Pity? It was Pity that stayed his hand. Pity, and Mercy: not to strike without need. And he has been well rewarded, Frodo.'Gandalf
80.9%
'The cold hard lands, they bites our hands, they gnaws our feet. The rocks and stones are like old bones all bare of meat. But stream and pool is wet and cool: so nice for feet!'Smeagol
76.9%
'So that is the King of Rohan. A fine old fellow. Very polite.'Peregrin Took
75.5%
'I am sorry: sorry you have come in for this burden: sorry about everything. Don't adventures ever have an end? I suppose not. Someone else always has to carry on the story.'Bilbo Baggins
74.6%
'But no living man am I!'Eowyn
72.5%
'It's the job that's never started as takes longest to finish, as my old gaffer used to say.'Samwise Gamgee
72.2%
'It is perilous to study too deeply the arts of the Enemy, for good or for ill. But such falls and betrayals, alas, have happened before.'Elrond
71.4%
'I do not foretell, for all foretelling is now vain: on the one hand lies darkness, and on the other only hope. But if hope should not fail, then I say to you, Gimli son of Glóin,Galadriel
71.2%
'You would die before your stroke fell.'Legolas
70.1%
'It is best to love first what you are fitted to love, I suppose: you must start somewhere and have some roots, and the soil of the Shire is deep.'Meriadoc Brandybuck
70%
Quote Character % Correct
'I shall not go with him now when he departs to the Havens; for mine is the choice of Lúthien, and as she so have I chosen, both the sweet and the bitter.'Arwen
69.1%
'Lathspell I name you, Ill-news; and ill news is an ill guest they say.'Grima
65.2%
'And to him there is no purpose higher in the world as it now stands than the good of Gondor; and the rule of Gondor, my lord, is mine and no other man’s...' Denethor
65%
'Hey! now! Come hoy now! Whither do you wander? Up, down, near or far, here, there or yonder? Sharp-ears, Wise-nose, Swish-tail and Bumpkin, White-socks my little lad...'Tom Bombadil
64%
'The Dark Lord has Nine. But we have One, mightier than they: the White Rider. He has passed through the fire and the abyss, and they shall fear him. We will go where he leads.'Aragorn
63.1%
'I have lived to see strange days. Long we have tended our beasts and our fields, built our houses, wrought our tools, or ridden away to help in the wars of Minas Tirith. 'Theoden
62.3%
'You have robbed my revenge of sweetness, and now I must go hence in bitterness, in debt to your mercy. I hate it and you!' Saruman
57.2%
'Death! Ride, ride to ruin and the world's ending!'Eomer
54.9%
'Go not to the Elves for counsel, for they will say both no and yes.'Frodo Baggins
52.7%
'Do not despise the lore that has come down from distant years; for oft it may chance that old wives keep in memory word of things that once were needful for the wise to know.'Celeborn
44.8%

You're not logged in!

Compare scores with friends on all Sporcle quizzes.
Join for Free
OR
Log In

You Might Also Like...

Show Comments

Extras

Top Quizzes Today


Score Distribution

Your Account Isn't Verified!

In order to create a playlist on Sporcle, you need to verify the email address you used during registration. Go to your Sporcle Settings to finish the process.

Report this User

Report this user for behavior that violates our Community Guidelines.

Details: